| 000 | 01587pam a22003974a 4500 | ||
|---|---|---|---|
| 999 |
_c7019 _d7019 |
||
| 001 | 1293675 | ||
| 003 | OSt | ||
| 005 | 20210824155116.0 | ||
| 008 | 061127s2007 enka b 001 0 eng | ||
| 010 | _a 2006039342 | ||
| 020 | _a9780521817936 (hardback) | ||
| 020 | _a0521817935 (hardback) | ||
| 020 | _a9780521521055 (pbk.) | ||
| 020 | _a052152105X (pbk.) | ||
| 040 |
_aDNLM _cDNLM |
||
| 041 | 0 | _aeng | |
| 042 | _apcc | ||
| 060 | 0 | 0 |
_aQU 450 _bH855g 2007 |
| 082 | _a572.86CHR 2007 | ||
| 100 | 1 |
_aHowe, C. J. _914414 |
|
| 245 | 1 | 0 |
_aGene cloning and manipulation / _cChristopher Howe. |
| 250 | _a2nd ed. | ||
| 260 |
_aCambridge ; _aNew York : _bCambridge University Press, _c2007. |
||
| 300 |
_a266 p. : _bill. |
||
| 336 |
_atext _btxt _2rdacontent |
||
| 337 |
_aunmediated _bn _2rdamedia |
||
| 338 |
_avolume _bnc _2rdacarrier |
||
| 504 | _aIncludes bibliographical references (p. [250]-256) and index. | ||
| 505 | 0 | _aThe tools for the job -- Polymerase chain reaction -- Simple cloning -- Other vector systems for E. coli -- Making libraries -- Screening libraries -- Modification and mutagenesis -- Use of cloned DNA -- Using other organisms -- Examples. | |
| 650 | 1 | 2 |
_aCloning, Molecular _xmethods _0https://id.nlm.nih.gov/mesh/D003001Q000379 _914415 |
| 650 | 2 | 2 |
_aEscherichia coli _xgenetics _0https://id.nlm.nih.gov/mesh/D004926Q000235 _914416 |
| 650 | 2 | 2 |
_aTransformation, Genetic _0https://id.nlm.nih.gov/mesh/D014170 _914417 |
| 650 | 2 | 2 |
_aGene Library _0https://id.nlm.nih.gov/mesh/D015723 _914418 |
| 942 |
_2ddc _cO_SHELF |
||